[Event "Bermuda"]
[Site "Bermuda"]
[Date "2005.01.30"]
[Round "1"]
[White "Dominguez Perez, Leinier"]
[Black "Volokitin, Andrei"]
[Result "1-0"]
[WhiteElo "2661"]
[BlackElo "2685"]
[Annotator "Ribli,Z"]
[PlyCount "91"]
[EventDate "2005.01.30"]
[EventType "tourn"]
[EventRounds "10"]
[EventCountry "BER"]
[EventCategory "17"]
[SourceTitle "CBM 106"]
[Source "ChessBase"]
[SourceDate "2005.06.06"]
[SourceVersion "1"]
[SourceVersionDate "2005.06.06"]
[SourceQuality "1"]

1. e4 c5 2. Nf3 e6 3. d4 cxd4 4. Nxd4 Nc6 5. Nc3 a6 {Heutzutage wird diese
Variante selten gespielt, die Alternative 5...Qc7 ist populärer.} 6. Be3 Nf6 7.
Qd2 {Die Hauptidee des schwarzen Systems ist die Vermeidung des weißen Aufbaus
Be3-Qd2, obwohl ich ihn als wenig stark erachte. Interessant ist auch, dass
der Jungstar Volokitin mit Weiß gern diese Variante Be3-Qd2 spielt, wenn 5...
Qc7 erfolgt.} (7. Bd3) 7... Bb4 8. f3 d5 9. a3 Ba5 {Dieser Läuferzug gefällt
mir nicht; stattdessen kommt die Alternative 9...Qa5!? in Betracht.} (9... Be7
$6 10. exd5 Nxd5 11. Nxd5 exd5 (11... Qxd5 12. Nxc6 Qxc6 13. O-O-O (13. Bd3 $5
$14) 13... b5 14. Bg5 (14. Bd3 Bb7 $11) 14... Bxg5 15. Qxg5 O-O 16. Bd3 Bb7 17.
Rhe1 Qc7 18. Kb1 Rfd8 19. Qh4 h6 20. f4 Rd5 21. g4 {1-0 Solovjov,S-Novikov,M/
St Petersburg 2002/EXT (52)}) 12. O-O-O O-O 13. h4 Re8 14. g4 Bd7 15. g5 (15.
Kb1 $5 $14) 15... Qa5 16. Qxa5 Nxa5 17. Bf4 b5 18. Bd3 $14 {1/2-1/2 Solovjov,
S-Tunik,G/Samara 2002/ (43)}) (9... Qa5 $5 {Dieser Zug bietet Schwarz gute
Ausgleichschancen.} 10. Bd3 (10. Nb3 Bxc3 11. bxc3 Qc7 12. Bd3 dxe4 13. fxe4
O-O 14. O-O Ng4 (14... b6 15. Rxf6 gxf6 16. Bh6 Ne5 17. Bxf8 Kxf8 18. Qh6+ Ke7
19. Rf1 Ng6 20. h4 Qe5 21. Nd4 Bb7 22. h5 Nf8 23. Rb1 Nd7 {0-1 Panarin,
M-Rublevsky,S/chessassistantclub.com INT 2004/ (27)}) 15. Bf4 e5 16. Bg3 Be6
17. h3 Qb6+ 18. Kh1 Ne3 19. Rfe1 Nc4 {0-1 Costantini,R-Delchev,A/Reggio Emilia
ITA 2002/(36)}) (10. exd5 Nxd5 11. Nxc6 bxc6 12. Bd4 f6 13. O-O-O Nxc3 14. Bxc3
Bxc3 15. Qxc3 Qxc3 16. bxc3 Ke7 {1/2-1/2 Boros,D-Fogarasi,T/Budapest HUN 2004/
(23)}) 10... dxe4 11. Nxc6 bxc6 12. fxe4 Ng4 13. Bf4 e5 14. Bg3 Be6 15. h3 Nf6
16. Bxe5 Qxe5 17. axb4 O-O $44 {1/2-1/2 Ravot,S-Dumitrache,D/Montpellier FRA
2003/(47)}) 10. O-O-O (10. Nb3 Bxc3 11. Qxc3 dxe4 12. Rd1 Qc7 13. fxe4 O-O 14.
Bd3 e5 15. O-O Bg4 16. Rd2 Bh5 {1/2-1/2 Shabalov,A-Lautier,J/playchess.com INT
2004 (55)}) 10... O-O (10... e5 $5) 11. Nb3 dxe4 (11... Bb6 12. Kb1 $14 (12.
Bxb6 Qxb6 13. exd5 Nxd5 14. Nxd5 exd5 15. Qxd5 Rd8 $44)) (11... Bxc3 12. Qxc3
Qc7 13. Bd3 e5 $2 {Verliert einen Bauern, aber diese Variante ist nur einer
Schnellpartie im Internet entnommen.} (13... dxe4 $142 14. fxe4 e5) 14. exd5
Nxd5 15. Bxh7+ Kxh7 16. Rxd5 Be6 17. Rd2 Rfd8 18. Rhd1 Rxd2 19. Rxd2 {1-0
Karjakin,S-Macieja,B/playchess.com INT 2004 (36)}) 12. Qf2 $14 {Zuerst öffnet
Weiß die d-Linie für den Turm. Im Anschluss nimmt er den Bauern auf e4. Weiß
hat die Initiative, während der Bc8 passiv steht.} (12. Nxa5 $5 Qxa5 (12...
Qxd2+ 13. Rxd2 $14 (13. Bxd2 $14)) 13. Nxe4 $14) 12... Bd7 (12... Qc7 13. Nxa5
Qxa5 14. Nxe4 Nxe4 15. fxe4 $14) 13. Nxe4 (13. Nxa5 $5 Qxa5 (13... Nxa5 $2 14.
Bb6 $18) 14. Nxe4 Nd5 15. Bc5 $14) 13... Nxe4 14. fxe4 {[%csl Ra5,Gd1,Rd7]
[%cal Gd1d8] Jetzt droht 15.Nxa5. Schwarz hat Probleme mit der Koordination
seiner Figuren.} Ne5 (14... Bc7 15. Nc5 $16) 15. Qg3 (15. Bc5 Re8 16. Nxa5 Qxa5
17. Bd6 $14) 15... Bc7 (15... f6 16. Bf4 (16. Nc5 Qc8) 16... Bc7 17. Nc5 {
Auf diese Weise wird mit Zugumstellung die Partiefortsetzung erreicht}) 16. Bf4
f6 (16... Qf6 $2 17. Rxd7 $18) 17. Nc5 $16 {[%csl Gc5][%cal Rc5b7,Rc5e6,Rc5d7,
Rd1d8] Der Nc5 steht ausgezeichnet; b7, d7 und e6 werden gleichzeitig
angegriffen.} Rf7 {Schwarz hat keine bessere Verteidigung; er will seinen
Läufer behalten} 18. Nxe6 (18. Nxb7 Qe7 $44 (18... Qb8 19. Nc5 Nc4 20. Nd3
Bxf4+ 21. Qxf4 Qb6 22. Qf2 Qb7 $44)) 18... Bxe6 19. Rxd8+ Rxd8 {[%mdl 1024]
Schwarz hat zwar keine Schwächen in seiner Stellung, aber materiell steht er
schlechter; R und N gegen Q und P.} 20. h4 (20. Be2 Rd4) 20... Rd4 21. Bd3
Nxd3+ (21... Rxd3 $2 22. cxd3 Nxd3+ 23. Qxd3 Bxf4+ 24. Kb1 $18) (21... Rfd7 22.
Rd1 $16) 22. cxd3 Bxf4+ 23. Qxf4 Rxd3 24. Rd1 $1 {Weiß hätte mit 24.Qb8+ einen
weiteren Bauern gewinnen können, jedoch ist es wichtiger die Aktivitäten der
schwarzen Türme einzuschränken.} (24. Qb8+ Rf8 25. Qxb7 Rfd8 26. Kb1 (26. Qxa6
$2 Bb3 $17) 26... Bb3 27. Rc1 a5 28. a4 Bxa4 29. Rc8 $16) 24... Rxd1+ (24...
Rfd7 25. Rxd3 Rxd3 26. Qb8+ Kf7 27. Qxb7+ $18) 25. Kxd1 {[%mdl 4096]} h5 {
[%csl Yg4][%cal Ge6g4] Mit dem Textzug möchte Schwarz seine Bauernstellung am
Königsflügel festigen, später könnte der Ph5 jedoch schwach werden.} 26. Kc2 {
[%cal Gc2c3,Gc3b4,Gb4a5,Ga5b6]} Re7 27. Qd6 {[%csl Gd6] Die Dame steht aktiv
und paralysiert die schwarze Stellung.} Kf7 28. Kc3 {Schrittweise verbessert
Weiß seine Königsstellung.} Bg4 29. Qd5+ Kg6 30. a4 (30. Kb4 Re5 31. Qd4 b6 32.
Kc3 Re6) 30... Rd7 31. Qc5 Be6 32. g3 (32. Kb4 Rd2) 32... Bg4 33. Kb4 $1 {
Weiß hat den aktiveren König; er bereitet Ka5-Kb6 vor.} Rd3 34. Qc2 {[%csl Gc2]
Weiß opfert den Bauern auf g3, um mit 35.Ka5 die gegnerischen Bauern am
Damenflügel anzugreifen.} (34. Ka5 $2 Rb3 $132 {[%csl Gb3]}) 34... Rxg3 35. Ka5
{[%csl Ga5,Rb7][%cal Ra5b6,Rb6b7]} Be6 36. b4 (36. Kb6 Rb3+) 36... Rg4 37. Kb6
Rxh4 38. Kxb7 {Weiß bekommt einen gefährlichen Freibauern am Damenflügel.} Rg4
39. b5 (39. Kxa6 h4) 39... axb5 40. a5 {[%csl Ga5][%cal Ra5a6,Ra6a7,Ra7a8]} Rg3
(40... b4 41. a6 b3 42. Qe2 Rg1 43. a7 Ra1 44. a8=Q Rxa8 45. Kxa8 $18) 41. a6
Bc4 42. a7 Bd3 43. Qc6 $18 Rg4 44. a8=Q Bxe4 45. Qae8+ Kf5 46. Qxh5+ (46. Qxh5+
Rg5 (46... g5 47. Qh7+ $18) 47. Qh3+ Rg4 48. Qxe4+ $18) 1-0

[Event "RUS-chT 11th"]
[Site "Sochi"]
[Date "2004.04.28"]
[Round "9.5"]
[White "Alavkin, Arseny Nailievich"]
[Black "Kobalia, Mihail"]
[Result "0-1"]
[WhiteElo "2488"]
[BlackElo "2630"]
[Annotator "Ribli,Z"]
[PlyCount "88"]
[EventDate "2004.04.20"]
[EventType "team-tourn"]
[EventRounds "9"]
[EventCountry "RUS"]
[SourceTitle "EXT 2020"]
[Source "ChessBase"]
[SourceDate "2019.10.17"]
[SourceVersion "1"]
[SourceVersionDate "2019.10.17"]
[SourceQuality "1"]
[WhiteTeam "Togliatti Lada"]
[BlackTeam "Norilsk Norilsky Nikel"]
[WhiteTeamCountry "RUS"]
[BlackTeamCountry "RUS"]

1. e4 c5 2. Nf3 e6 3. d4 cxd4 4. Nxd4 Nc6 5. Nc3 Qc7 6. f4 a6 {Großmeister
Kobalija ist ein großer Spezialist der Paulsen-Variante. Neben den Textzug
kann Schwarz zuerst auf d4 nehmen mit 6...Nxd4 und nur im Falle von 7.Qxd4 den
Zug 7...a6 spielen.} (6... Nxd4 7. Qxd4 a6) 7. Nxc6 bxc6 {Die Alternative wäre
7...Qxc6 und dann kann Schwarz b7-b5 ziehen. 7...dxc6 wäre weniger stark, da
Weiß in diesem Fall 8.e5 ziehen kann - mit Raumvorteil.} 8. Bd3 d5 9. O-O Nf6
10. Qe2 Be7 11. e5 {Das ist ein typisches Motiv, mit dem Weiß mit Tempo Raum
im Zentrum gewinnt. Andererseits kommt dieser Zug etwas zu früh. Nach meiner
Meinung ist es besser, die Entwicklung mit 11.b3 und 12.Bb2 zu beenden.} (11.
Kh1 O-O (11... Bb7 12. Bd2 c5 13. b3 dxe4 14. Nxe4 Nxe4 15. Bxe4 Bf6 16. Rad1
O-O 17. Bxb7 {1/2-1/2 Leventic,I-Lau,R/Osijek 1993/EXP 38 (17)}) 12. Bd2 c5 $13
{[%csl Gc5,Gd5] Schwarz hat ein starkes Bauernzentrum. In der Folge kann er
seinen weißfldrigen Läufer nach b7 platzieren.} 13. b3 (13. exd5 $6 exd5 14.
Nxd5 $2 Nxd5 15. Qe4 Nf6 16. Qxa8 Bb7 $19) 13... Bb7 14. e5 Nd7 15. Rae1 (15.
Na4 $11 {[%cal Gc2c4]}) 15... g6 16. f5 $2 (16. Na4 $11) 16... exf5 17. Bh6 (
17. e6 Nf6 18. Bh6 Ng4 $17 {[%cal Rc7h2]}) 17... Bh4 {0-1 De Vreugt,D-Kozakov,
M/Lvov 2001/CBM 87/[Ribli] (28)}) (11. b3 Bb7 (11... c5 12. exd5 exd5 13. Qe5
Qc6 14. Bb2 Bb7 15. Rae1 O-O 16. Qg5 Rae8 17. Qg3 Bd8 18. Re5 d4 19. Na4 Rxe5
20. fxe5 Nd7 21. Re1 Bh4 22. Bxh7+ Kh8 23. Qh3 Qxg2+ 24. Qxg2 Bxg2 25. Bf5 Bxe1
{0-1 Sedlak,N-Horvath,J/Budapest 2002/CBM 89 ext (62)}) 12. Bb2 O-O 13. Rae1 c5
14. exd5 c4 15. Bxc4 Bc5+ 16. Kh1 exd5 17. Bd3 Bb4 18. Na4 Rfe8 19. Be5 Qc6 20.
c3 Ba5 21. Qc2 Ne4 22. Re3 Rac8 $44 {0-1 Dabo Peranic,R-Horvath,J/Rabac 2003/
CBM 96 ext (29)}) 11... Nd7 12. Na4 {[%cal Gc2c4] Weiß bereitet den Zug 13.c4
vor.} c5 13. c4 d4 {Beide Spieler gewinnen Raum im Zentrum (Schwarz mit 13...
d4, Weiß mit 11.e5). Der kleine Unterschied ist, dass Weiß auf e4 eine Figur
platzieren kann, während Schwarz das d5-Feld nicht besetzen kann.} 14. Bd2 (14.
b3 Bb7 15. Bd2 g6 16. Be4 Rb8 17. Nb2 h5 18. Nd3 h4 19. Nf2 Kf8 20. Qe1 Kg7 21.
Ba5 Qc8 22. Rd1 Rh5 {0-1 Reeh,O-Loeffler,S/Wijk aan Zee 1995/EXT 98 (40)})
14... Rb8 15. Rae1 g6 {Schwarz sichert seine Königsstellung.} 16. b3 Bb7 17.
Be4 h5 $11 {Es scheint, dass die weißen Figuren aktiver stehen, Weiß kann
immer Nb2-Nd3 spielen, aber die schwarze Stellung ist fest, ohne Schwächen,
und sein König befindet sich ganz gut in der Mitte, da die Zentrumsstellung
geschlossen ist.} 18. Rf3 (18. Nb2 $11 {[%cal Gb2d3]}) 18... Rc8 19. Rh3 {
[%cal Gg2g4,Gh3h8] Die weiße Drohung ist 20.g4.} Rg8 20. Qf3 (20. Ba5 Qb8 (
20... Qxa5 21. Bxb7 Rc7 (21... Rb8 22. Be4 $14) 22. Be4 $14) 21. Nb2 $11) 20...
Bxe4 21. Qxe4 Nb8 {[%cal Gb8c6,Gc6b4]} 22. Nb2 Nc6 23. Nd3 a5 {Schwarz muss
nicht um die Schwächung des b5-Punkts kümmern, da der d3N sehr weit von b5
entfernt steht und Schwarz kann entweder mit a5-a4 oder mit Nb4 sein Spiel
verbessern.} 24. Qe2 Ra8 25. Qf3 Kd7 $1 {[%csl Gd7] Der König steht
ausgezeichnet auf d7.} 26. Nb2 Nb4 {[%mdl 32] Mit diesem Zug möchte Schwarz
den Zug 27.a3 provozieren, wonach der b3P angreifbar wäre.} 27. Bxb4 $6 (27. a3
Nc6 $11 (27... Nc2 $2 28. Rd1 Nxa3 29. Qd3 $18 {[%cal Rd1a1,Ra1a3]})) 27...
axb4 $15 28. Na4 Qc6 $1 29. Qe2 (29. Qxc6+ Kxc6 $15 {Und Schwarz kann - nach
Vorbereitung - g6-g5 spielen.}) 29... Raf8 30. Rd3 f5 $1 31. exf6 (31. a3 $5
$132) 31... Rxf6 32. Rf3 g5 33. f5 (33. fxg5 Rxf3 34. Qxf3 Qxf3 35. gxf3 Rxg5+
36. Kf2 Kd6 $17) 33... g4 (33... Rgf8 $15) 34. Rff1 Rg5 (34... Rgf8 $15) 35.
fxe6+ Rxe6 36. Qd3 (36. Qxe6+ Qxe6 37. Rxe6 Kxe6 38. Nb2 Bd6 $15) 36... Rge5
37. Rxe5 Rxe5 38. Rf5 $2 (38. Nb2 Qe6 39. Nd1 Re1 $15) 38... Re3 $17 (38... Qg6
{[%cal Rg6d3]} 39. Rf3 Re1+ (39... Qxd3 40. Rxd3 Re2 $19) 40. Kf2 Re4 $1 {
[%csl Rd3,Ge4,Rf2,Rf3,Gg6]} 41. Re3 Qf6+ 42. Rf3 Qe6 $19) 39. Rd5+ (39. Qb1 Qe6
40. Rf1 Qe4 $17) 39... Qxd5 40. Qxe3 Qxg2+ $1 $19 {[%mdl 64] Mit diesem
Zwischenschach gewinnt Schwarz einen Bauern und die Partie.} 41. Kxg2 dxe3 {
[%csl Ge3,Gg4,Gh5]} 42. Nb6+ Ke6 43. Nd5 Bg5 44. Kf1 h4 (44... h4 45. Ke2 g3
46. hxg3 h3 $19) 0-1

[Event "Moscow Aeroflot op-A"]
[Site "Moscow"]
[Date "2004.02.21"]
[Round "5"]
[White "Volokitin, Andrei"]
[Black "Rublevsky, Sergei"]
[Result "0-1"]
[WhiteElo "2594"]
[BlackElo "2655"]
[Annotator "Ribli,Z"]
[PlyCount "76"]
[EventDate "2004.02.17"]
[EventType "swiss"]
[EventRounds "9"]
[EventCountry "RUS"]
[SourceTitle "CBM 100"]
[Source "ChessBase"]
[SourceDate "2004.06.01"]
[SourceVersion "1"]
[SourceVersionDate "2004.06.01"]
[SourceQuality "1"]

1. e4 c5 2. Nf3 e6 3. Nc3 a6 4. d4 cxd4 5. Nxd4 Nc6 {Diese Variante wird
heutzutage weniger gespielt, statt 5...Nc6 sind die Züge 5...b5 und 5...Qc7
populärer.} 6. Nxc6 bxc6 7. Bd3 d5 {Das ist die prinzipielle Fortsetzung, aber
die andere Spielweise - d6, Nf6, Be7, Qc7 ist auch spielbar.} 8. Qe2 {Diese
Zugfolge wird weniger gespielt, gewöhnlich rochiert Weiß zuerst und spielt den
Damenzug später.} (8. O-O $5 Qc7 $5 (8... Nf6 9. Re1 (9. Qe2 Be7 10. Bf4 O-O
11. Rad1 Qa5 12. e5 Nd7 13. Qh5 g6 14. Qh6 Rb8 15. h4 Re8 16. h5 Bf8 17. Qg5
Bg7 {0-1 Timofeev,A-Rublevsky,S/Moscow RUS 2002/(29)}) 9... Bb7 10. Bf4 Be7 11.
e5 Nd7 12. Na4 c5 13. c4 d4 14. b3 Bg5 15. Qg4 (15. Bg3 Bh4 16. Qg4 Bxg3 17.
Qxg3 g6 18. Be4 Rb8 19. Bxb7 Rxb7 20. Re4 Kf8 21. h4 Rg8 22. Rae1 h5 23. Rf4
Qe7 {1/2-1/2 Short,N-Rublevsky,S/Moscow 2002/CBM 91 (68)}) 15... Bxf4 16. Qxf4
h6 17. Be4 Bxe4 18. Qxe4 a5 19. Rad1 g6 20. Rd3 Kf8 21. Rg3 Kg7 22. h4 h5 23.
Rg5 Ra7 24. Rd1 Qa8 25. Qf4 {1-0 Nijboer,F-Rublevsky,S/Bled SLO 2002/(37)}) 9.
Qe2 Nf6 10. b3 (10. Bg5 $142 $5) 10... Be7 11. Bd2 (11. Bb2 O-O 12. Rae1 Bb7
13. f4 c5 14. exd5 c4 15. Bxc4 Bc5+ 16. Kh1 exd5 17. Bd3 Bb4 18. Nd1 Ne4 {
0-1 Jaracz,P-Rublevsky,S/Istanbul TUR 2003/ Ribli.}) 11... O-O 12. Rae1 Re8 13.
Kh1 Bb7 14. f4 Nd7 15. Na4 dxe4 16. Bxe4 Nf6 17. Bf3 c5 {1/2-1/2 Yemelin,
V-Rublevsky,S/Krasnoyarsk RUS 2003/(24)}) 8... Nf6 9. Bd2 Be7 10. g4 $13 {
Das ist eine sehr scharfe und ein wenig unorthodoxe Fortsetzung. Weiß möchte -
wie in der Keres-Variante der Scheveninger Variante - am Königsflügel
angreifen und Raum gewinnen.} Rb8 (10... d4 11. Na4 e5 12. g5 Nd7 13. Rg1 $13)
11. b3 (11. O-O-O Qb6 12. b3 O-O $13) 11... O-O {Die schwarze Rochade ist auf
den ersten Blick weniger logisch, wenn der Gegner Angriff am Königsflügel hat,
aber in Wirklichkeit hat Weiß keine konkreten Drohungen und Schwarz muss die
Entwicklung beenden.} 12. g5 Nd7 {[%cal Gd7c5,Gd7e5]} (12... Nxe4 $6 13. Nxe4
dxe4 14. Qxe4 g6 15. Bc3 $14 (15. Rg1 $14)) 13. Rg1 (13. f4 Nc5 14. O-O-O $13)
13... Ne5 14. O-O-O (14. f4 Nxd3+ 15. cxd3 a5 $15 {[%cal Gc8a6,Ga6e2]}) 14...
Qa5 $1 $36 {[%csl Ga5,Gb8,Ge5,Ge7] Es scheint, dass Schwarz eine gefährliche
Initiative am Damenflügel hat. Jetzt droht 15...Qa3+ und 16...d4 mit
Figurengewinn.} (14... f5 $5 $13) 15. Kb1 Bb4 16. exd5 Nxd3 (16... Bxc3 17.
Qxe5 Bxe5 18. Bxa5 cxd5 $11) 17. Qxd3 exd5 $15 {[%csl Gb4,Gc6,Gc8,Gd5] Schwarz
hat das Läuferpaar und seine Zentrumsbauern stehen elastisch, so dass Weiß
immer mit späterem c6-c5 und d5-d4 rechnen muss.} 18. Ne2 Re8 (18... Bxd2 $1
19. Rxd2 (19. Qxd2 Qxd2 20. Rxd2 f6 $15 {[%cal Gf8f2]}) 19... Bf5 $17) 19. Rg3
g6 {[%cal Gc8f5,Gf5b1]} (19... Bxd2 20. Qxd2 Qxd2 21. Rxd2 Bd7 $11) 20. Nd4 {
Weiß muss den Springer zentralisieren, auf diese Weise kann er sich gegen Bf5
verteidigen.} Bd7 (20... Bxd2 21. Qxd2 (21. Nxc6 Qb6 22. Nxb8 Bf4 $17) 21...
Qxd2 22. Rxd2 c5 $15) 21. Bxb4 Qxb4 22. Re3 c5 23. Nf3 d4 (23... Be6 $15 {
[%cal Ga6a5,Ga5a4]}) 24. Re5 (24. Rxe8+ Rxe8 25. Qxa6 Bf5 $44) 24... Bc6 (24...
Bg4 $1 {[%cal Gg4d1]} 25. Rg1 (25. Rde1 $6 Rxe5 26. Rxe5 c4 27. Qe2 Bxf3 (27...
d3 28. Re8+ (28. cxd3 Bxf3 $19) 28... Rxe8 29. Qxe8+ Qf8 30. Qe3 Bxf3 31. Qxf3
d2 $17) 28. Qxf3 d3 $19) 25... Bf5 26. Rxf5 gxf5 $17) 25. Qe2 Red8 (25... a5
$36) 26. Re7 Bd5 $6 (26... c4 $1 {[%cal Gd4d3]} 27. Rxf7 (27. Rxd4 Bxf3 $19) (
27. Nxd4 cxb3 $19) 27... d3 $19 (27... Kxf7 $2 28. Ne5+ $18 {[%cal Re5f7,Re5c6,
Rc6d8,Rc6b8,Rc6b4]}) (27... Re8 $19)) 27. Qe5 $1 $132 Qb6 (27... a5 28. Nxd4 $1
cxd4 29. Rxd4 {[%csl Gd4,Ge5,Ge7][%cal Rd4b4,Rd4d5]} Bc4 (29... Qb5 30. a4 Qf1+
31. Kb2 $16) 30. Rxd8+ Rxd8 31. Qc7 Rd1+ 32. Kb2 {Es haengt der c4B und droht
33.Re8+, nebst 34.Qe5+.} Kf8 33. Re4 a4 34. a3 Qd2 35. Qxc4 Qc1+ 36. Kc3 Qd2+
$11) (27... Bxf3 28. Rxf7 Kxf7 29. Qf6+ Kg8 30. Qe6+ $11) 28. Qf4 {[%cal Gf3e5]
} c4 $2 {[%mdl 512] Schwarz möchte den weißen König angreifen, aber dieses
Bauernopfer hat wenig Motivation.} (28... a5 $13) (28... Rb7 $13) 29. Nxd4 $16
cxb3 30. axb3 Qb4 31. Rde1 a5 32. R1e5 $6 (32. R1e4 {[%cal Ge4b4] Droht 33.Nf5
oder 33.Nc6 mit sofortigem Gewinn, und 32...Bxe4 geht natürlich nicht wegen 33.
Qxf7+.} Qa3 33. Re3 (33. Rd7 $5 Qf8 (33... Rxd7 $2 34. Qxb8+ $18) 34. Rxd8 Rxd8
35. Re3 a4 $132) 33... a4 34. Nb5 $5 Qc5 $1 35. bxa4 Be6 $1 36. R3xe6 Rxb5+ $1
37. axb5 Rd1+ 38. Kb2 Qxb5+ 39. Kc3 Qa5+ 40. Qb4 Qa1+ 41. Qb2 (41. Kc4 $2 Rd4+
$19) 41... Qa5+ $11) 32... a4 $36 {[%mdl 128]} 33. Ne2 $2 (33. Rc7 $142) 33...
Qa3 (33... Bc4 $1 34. Qe3 (34. Re3 axb3 35. cxb3 Rd1+ 36. Nc1 Bd3+ $19) 34...
axb3 35. Re8+ Kg7 $19) 34. Qc1 Qd6 (34... Qb4 $17) 35. Qf4 Qa3 36. Nc1 $2 {
Ist es Weiß, der nicht zufrieden mit der Zugwiederholung ist? Der Springerzug
verliert jedenfalls sofort.} (36. Qc1 $11) 36... axb3 $19 37. c4 b2 38. Nb3
Qxb3 0-1

[Event "RUS-chT 12th"]
[Site "Sochi"]
[Date "2005.04.21"]
[Round "3"]
[White "Svidler, Peter"]
[Black "Volokitin, Andrei"]
[Result "1/2-1/2"]
[WhiteElo "2725"]
[BlackElo "2679"]
[Annotator "Ribli,Z"]
[PlyCount "82"]
[EventDate "2005.04.19"]
[EventType "team-tourn"]
[EventRounds "11"]
[EventCountry "RUS"]
[SourceTitle "EXT 2020"]
[Source "ChessBase"]
[SourceDate "2019.10.17"]
[SourceVersion "1"]
[SourceVersionDate "2019.10.17"]
[SourceQuality "1"]
[WhiteTeam "Kazan Ladya"]
[BlackTeam "Nizhny Tagil Politekhnik"]
[WhiteTeamCountry "RUS"]
[BlackTeamCountry "RUS"]

1. e4 c5 2. Nf3 e6 3. d4 cxd4 4. Nxd4 Nc6 5. Nc3 a6 6. Be2 Nge7 {Diese
Variante wurde von Taimanov seinerzeit oft gewähltt. Schwarz kann in folgendem
7...Nxd4 und 8...Nc6 spielen, oder den e7-Springer auf g6 entwickeln.} 7. Bf4 {
Der Läuferzug ist gegen das Feld d6 gerichtet, das eigentlich ein
positionelles Loch in der schwarzen Stellung ist; die Alternativen sind 7.f4,
7.Nb3, 7.0-0 und 7.Be3.} Ng6 8. Bg3 (8. Nxc6 bxc6 9. Bd6 Bxd6 10. Qxd6 Qe7)
8... Be7 9. h4 $146 {[%cal Gh4h5] Mit diesem Zug opfert der ukrainische
Großmeister einen Bauern.} (9. a4 O-O 10. O-O d6 11. Qd2 Nxd4 12. Qxd4 e5 13.
Qd3 Be6 14. Nd5 Rc8 15. c3 Bg5 16. a5 Kh8 17. Qd1 Ne7 {1/2-1/2 Efimenko,
Z-Volokitin,A/Groningen NED 1999 (41)}) (9. O-O O-O 10. Nb3 d6 11. a4 (11. Qd2
e5 12. Rfd1 Be6 $11) 11... Na5 12. Nxa5 Qxa5 13. Qd2 Rd8 14. Rfd1 Qc5 15. Ra3
h5 16. h3 h4 {1-0 Wolff,P-Van Mil,J/Wijk aan Zee 1992/CBM 28 (42)}) 9... Bxh4 (
9... Nxh4 10. Nxc6 bxc6 11. Rh2 $44 {Und in folgendem Weiss kann Qd2 und 0-0-0
spielen mit Rdh1.}) 10. Nxc6 bxc6 11. Bxh4 Nxh4 12. Qd4 (12. g3 Ng6 13. Qd6 Qe7
14. O-O-O Qxd6 15. Rxd6 Ke7 $15) 12... O-O (12... Nxg2+ $2 {Dieser Zug wäre
wirklich zu optimistisch.} 13. Kf1 Nf4 14. Qxg7 Rf8 15. e5 $18 {[%csl Re8]
[%cal Gc3e4,Ge4d6,Ge4f6]}) 13. e5 Ng6 (13... Nf5 14. Qe4 $44 {[%cal Ge4h7]} (
14. Bd3 Nxd4 15. Bxh7+ Kh8 16. Bg6+ Kg8 $11)) 14. Bd3 f5 (14... Qg5 15. Bxg6
fxg6 16. Ne4 Qxg2 17. O-O-O $44) 15. g4 $44 {[%csl Rc8] Weiß hat einen Bauern
weniger, aber seine Figuren stehen sehr aktiv und er hat Initiative am
Königsflügel.} (15. O-O-O $44) 15... Qc7 16. f4 c5 {[%cal Gc8b7,Gb7h1]} (16...
Qa7 17. Qxa7 Rxa7 18. Ne2 fxg4 19. O-O-O $44) 17. Qe3 Bb7 {Endlich bringt
Schwarz den Läufer ins Spiel.} 18. gxf5 $6 {[%mdl 512] Weiß opfert die
Qualität für Aktivität. Dieses Opfer ist wirklich sehr interessant, aber ich
bin nicht sicher, ob das korrekt ist .} (18. Rh5 $44) 18... Bxh1 (18... Nxe5
19. fxe5 Bxh1 20. f6 $44) (18... Nxf4 $5 19. Qxf4 Bxh1 20. O-O-O Bc6 21. f6 $2
Rxf6) 19. fxg6 h6 (19... hxg6 20. O-O-O Bc6 21. Bxg6 $36) 20. O-O-O Bc6 21. Ne2
(21. Ne4 Bxe4 22. Qxe4 Rab8 $17) 21... Qa5 22. Kb1 Rab8 $17 {[%cal Gb8b1]
Schwarz hat eine Qualität mehr und Angriffchancen am Damenflügel.} 23. b3 Qb4 {
[%cal Gc5c4] Es droht jetzt 24...c4.} 24. Ka1 a5 (24... Bd5 $17) 25. f5 $5 {
Die einzige Gegenchance für Weiß - er möchte im Trüben zu fischen.} exf5 26.
Bc4+ Kh8 27. Nf4 {[%csl Gf4] Endlich hat Weiß eine starke Springerstellung,
aber das ist alles, er hat keine Drohungen.} Rbe8 (27... a4 $17) 28. Rd6 (28.
Bf7 Re7 29. e6 a4 $17) 28... a4 29. e6 axb3 30. cxb3 Qa3 (30... Re7 $17) 31.
Qc3 Re7 32. Nh5 Ra8 33. Qd2 dxe6 34. Bxe6 Be4 $6 (34... Rxe6 35. Rxe6 Bd5 36.
Re7 Bxb3 37. Rxg7 Qxa2+ 38. Qxa2 Rxa2+ 39. Kb1 $15) (34... Be8 35. Nxg7 $1
Qxa2+ (35... Rxg7 $2 36. Qxh6+ $18) (35... Kxg7 36. Qc3+ Kxg6 37. Qg3+ Kh5 38.
Qh3+ $18) 36. Qxa2 Rxa2+ 37. Kxa2 Kxg7 38. Bxf5 h5 $15) (34... Qa6 $1 35. Bxf5
c4 $17) 35. Rd8+ Re8 36. Rd7 $1 {[%csl Rg7,Rh8][%mdl 64] Weiß opfert den
e6-Läufer, aber sein Gegenspiel ist gegen die schwarze Königsstellung
gerichtet .} Rxe6 37. Rxg7 $11 {[%csl Gg6,Gg7,Gh5] Es droht 37.Qxh6#, somit
ist die schwarze Antwort erzwungen, aber Weiß kann die Partie retten.} Qxa2+
38. Qxa2 Rxa2+ 39. Kxa2 Bf3 40. Rh7+ Kg8 41. Rg7+ Kh8 1/2-1/2